000 00255nam a2200109Ia 4500
008 190914s9999||||xx |||||||||||||| ||und||
100 _aSaleha Abid Hussain
245 0 _aYadgar-i-Hali
260 _aMirpur
_bArsalan Books
_c2005
300 _a912
942 _cBK
999 _c9994
_d9994